Yoga Art of Alive/ (Record no. 211725)

MARC details
000 -LEADER
fixed length control field 00533nam a22001817a 4500
005 - DATE AND TIME OF LATEST TRANSACTION
control field 20250611113351.0
010 ## - LCCN (DPL NO)
LC control number ENG-145248
020 ## - INTERNATIONAL STANDARD BOOK NUMBER
Terms of availability 250.00
International Standard Book Number 9788194478058
035 ## - SYSTEM CONTROL NUMBER
System control number EN-128780
037 ## - SOURCE OF ACQUISITION
Source of stock number/acquisition DBAD
082 ## - DEWEY DECIMAL CLASSIFICATION NUMBER
Classification number 613.7046
100 ## - MAIN ENTRY--PERSONAL NAME
Personal name Vengatesan, K.
245 ## - TITLE STATEMENT
Title Yoga Art of Alive/
Statement of responsibility, etc K. Vengatesan
260 ## - PUBLICATION, DISTRIBUTION, ETC. (IMPRINT)
Name of publisher, distributor, etc Gurushishya Yogam
Place of publication, distribution, etc Chennai
Date of publication, distribution, etc 2019
270 ## - ADDRESS
Address Chennai
City Chennai
Postal code 600044
Electronic mail address gurushishyayogam@gmail.com
Telephone number 9941426051
300 ## - PHYSICAL DESCRIPTION
Extent 346p.
Dimensions 22cm(pb)
942 ## - ADDED ENTRY ELEMENTS (KOHA)
Source of classification or shelving scheme Dewey Decimal Classification
Item type English Books
Classification part 613.7046
Call number suffix VEN
Holdings
Withdrawn status Lost status Not for loan Collection code Home library Current library Date acquired Source of acquisition Cost, normal purchase price Full call number Barcode Copy number Cost, replacement price Koha item type
      Non-fiction Mobile Library Mobile Library 11/06/2025 Delivery of Books Act Division 250.00 613.7046 VEN EN-128780 1 250.00 English Books

© Delhi Public Library
Hit Counter
free hit counter